000 00631nam a2200229 a 4500
005 20180803165042.0
008 140307b1989 ve ||||| |||| 00| 0 spa d
041 _aspa
090 _aLB
_b02729
100 _aSmith, Lyman B.
_917956
245 _aBegoniaceae, Caricaceae
260 _aCaracas
_bHerbario Nacional de Venezuela
_c1989
300 _a99 p.
650 _aFlora
_917960
650 _aPlantas
_917961
650 _aTaxonomía vegetal
_992262
650 _aClaves taxonómicas
_93514
650 _aIdentificación de especies
_94726
662 _aVenezuela
700 _aBadillo, Víctor
_917963
942 _cImpreso
_2z
999 _c2958
_d2958